Szczegóły MARC21

Wybrane aspekty konkurencyjności europejskiej : stan debaty /

003 -Nazwa inst., której nr kontr. jest w polu 001 [,]
    • @
    • Nazwa instytucji, której n kontrolny jest w polu 001
    • NUKAT
005 -DATA I CZAS OSTATNIEJ MODYFIKACJI [,]
    • @
    • pole kontrolne
    • 20241231093559.0
020 -Międzynarod. znormalizowany nr książki - ISBN [ , ]
    • a
    • Numer ISBN
    • 8389972816 Find
040 -Instytucja sporządzająca opis [ , ]
    • a
    • Instytucja, która sporządziła opis (NP)
    • WA N/PBza
    • c
    • Instytucja, która sporządziła rekord (NP)
    • WA N/PBza
    • d
    • Instytucja, która zmodyfikowała rekord (P)
    • WA N/PBan
    • d
    • Instytucja, która zmodyfikowała rekord (P)
    • WA N/PBjds
    • d
    • Instytucja, która zmodyfikowała rekord (P)
    • POZN U/HAs
    • d
    • Instytucja, która zmodyfikowała rekord (P)
    • WA LAZ/DS
942 -Rodzaj dokumentu [ , ]
    • c
    • Rodzaj dokumentu
    • Książka
245 -Strefa tytułu i oznaczenia odpowiedzialności [0,0]
    • a
    • Tytuł
    • Wybrane aspekty konkurencyjności europejskiej : Find
    • b
    • Ciąg dalszy tytułu (NP)
    • stan debaty / Find
    • c
    • Pozostałe elementy strefy tytułu i oznaczenia odpowiedzialności (NP)
    • oprac. zostało przygot. przez zespół w składzie Maciej Duszczyk (rozdz. IV, red.) [et al.].
260 -Strefa adresu wydawniczego [ , ]
    • a
    • Miejsce wydania (P)
    • Warszawa :
    • b
    • Nazwa wydawcy (P)
    • Urząd Komitetu Integracji Europejskiej. Departament Analiz i Strategii :
    • b
    • Nazwa wydawcy (P)
    • współpr. Departament Dokumentacji Europejskiej i Publikacji,
    • c
    • Data wydania (P)
    • 2005.
300 -Strefa opisu fizycznego [ , ]
    • a
    • Określenie formy książki i/lub objętość (NP)
    • 189, [1] s. ;
    • c
    • Format (NP)
    • 24 cm.
336 -Typ zawartości [ , ]
    • a
    • Termin opisujący typ zawartości
    • Tekst
    • b
    • Kod określający zawartość
    • txt
    • 2
    • Źródło (terminu i kodu)
    • rdacontent
337 -Typ mediów [ , ]
    • a
    • Tryb odtwarzania
    • Bez urządzenia pośredniczącego
    • b
    • Kod typu mediów
    • n
    • 2
    • Źródło (terminu i kodu)
    • rdamedia
338 -Typ/rodzaj nośnika [ , ]
    • a
    • Hasło opisujące typ nośnika
    • Wolumin
    • b
    • Kod typu nośnika
    • nc
    • 2
    • Źródło (terminu i kodu)
    • rdacarrier
490 -Strefa serii i książki wielotomowej - forma nie do wyszukiwania [1, ]
    • a
    • Tytuł (P)
    • Biblioteka Europejska ; Find
    • v
    • Numeracja (P)
    • 37
830 -Hasło dodatkowe serii i opisu książki wielotomowej - tytuł ujednolicony/tytuł [ ,0]
    • a
    • Tytuł ujednolicony/tytuł (NP)
    • Biblioteka Europejska
    • v
    • Oznaczenie tomu (NP)
    • 37
    • 9
    • KHW
    • 1662
080 -Uniwersalna Klasyfikacja Dziesiętna [ , ]
    • 2
    • Identyfikator wydania tablic
    • UDC-P058
    • 9
    • UKD
    • 3295
    • a
    • Symbol klasyfikacji
    • 339.137
    • b
    • Dopowiedzenie
    • Konkurencja. Dumping. Konkurencja za pomocą cen i jakości. Antydumping. Import po cenach zaniżonych.
    • 4
    • UKD2
    • 7975
    • x
    • Poddział wspólny
    • (4-67)
    • c
    • Dopowiedzenie poddz. wspólnego
    • (Kraje Unii Europejskiej).
610 -Hasło przedmiotowe w formie nazwy ciała zbiorowego [2,7]
    • a
    • Nazwa ciała zbiorowego lub nazwa geograficzna
    • Unia Europejska (UE)
    • 2
    • Źródło terminu
    • DBN
    • 9
    • KHW
    • 723934
650 -Hasło przedmiotowe [ ,7]
    • a
    • Hasło przedmiotowe
    • Konkurencyjność (ekonomia)
    • z
    • Określnik geograficzny
    • Kraje Unii Europejskiej
    • y
    • Określnik chronologiczny
    • 1990-.
    • 2
    • Źródło terminu
    • kaba
    • 9
    • KHW
    • 350299
650 -Hasło przedmiotowe [ ,7]
    • a
    • Hasło przedmiotowe
    • Konkurencyjność (ekonomia)
    • z
    • Określnik geograficzny
    • Kraje Unii Europejskiej
    • v
    • Określnik formalny
    • badania porównawcze.
    • 2
    • Źródło terminu
    • kaba
    • 9
    • KHW
    • 573103
650 -Hasło przedmiotowe [ ,7]
    • a
    • Hasło przedmiotowe
    • Gospodarka
    • 2
    • Źródło terminu
    • DBN
    • 9
    • KHW
    • 721748
650 -Hasło przedmiotowe [ ,7]
    • a
    • Hasło przedmiotowe
    • Konkurencyjność
    • 2
    • Źródło terminu
    • DBN
    • 9
    • KHW
    • 726400
650 -Hasło przedmiotowe [ ,7]
    • a
    • Hasło przedmiotowe
    • Polityka konkurencji Unii Europejskiej
    • 2
    • Źródło terminu
    • DBN
    • 9
    • KHW
    • 743434
651 -Hasło przedmiotowe w formie nazwy geograficznej [ ,7]
    • a
    • Nazwa geograficzna
    • Kraje Unii Europejskiej
    • x
    • Określnik rzeczowy
    • sytuacja gospodarcza
    • y
    • Określnik chronologiczny
    • 1990-.
    • 2
    • Źródło terminu
    • kaba
    • 9
    • KHW
    • 350355
651 -Hasło przedmiotowe w formie nazwy geograficznej [ ,7]
    • a
    • Nazwa geograficzna
    • Kraje Unii Europejskiej
    • 2
    • Źródło terminu
    • DBN
    • 9
    • KHW
    • 720927
658 -Ujęcie treści [ , ]
    • a
    • dziedzina nauki i sztuki/ sfera aktywności życiowej
    • Gospodarka, ekonomia, finanse
658 -Ujęcie treści [ , ]
    • a
    • dziedzina nauki i sztuki/ sfera aktywności życiowej
    • Polityka, politologia, administracja publiczna
980 -Symbol UKD [ , ]
    • a
    • UKD
    • 339.137(4-67)
700 -Hasło dodatkowe - nazwa osobowa [1, ]
    • a
    • Nazwa osobowa (NP)
    • Duszczyk, Maciej Find
    • d
    • Daty biograficzne (NP)
    • (1971- ).
    • 9
    • KHW
    • 43006
710 -Hasło dodatkowe - nazwa ciała zbiorowego [1, ]
    • a
    • Nazwa ciała zbiorowego lub nazwa geograficzna jako pierwszy element (NP)
    • Polska.
    • b
    • Nazwa jednostki podrzędnej (P)
    • Urząd Komitetu Integracji Europejskiej.
    • b
    • Nazwa jednostki podrzędnej (P)
    • Departament Analiz i Strategii.
    • 4
    • Kod relacji
    • pbl
    • 9
    • KHW
    • 10409
710 -Hasło dodatkowe - nazwa ciała zbiorowego [1, ]
    • a
    • Nazwa ciała zbiorowego lub nazwa geograficzna jako pierwszy element (NP)
    • Polska.
    • b
    • Nazwa jednostki podrzędnej (P)
    • Urząd Komitetu Integracji Europejskiej.
    • b
    • Nazwa jednostki podrzędnej (P)
    • Departament Dokumentacji Europejskiej i Publikacji.
    • 4
    • Kod relacji
    • pbl
    • 9
    • KHW
    • 39813
920 -ISBN [ , ]
    • a
    • ISBN
    • 83-89972-81-6 Find
Status udost. Numer inwentarzowy Lokalizacja Data inwentaryzacji
-2E.70608BE2007-03-06
-2S.92680BE2007-03-06
1CDE.1788BG2008-02-01
1Z.110290BG2008-02-15
-11H.15413BNS2007-01-23